| 000 | 00854nam a2200241 a 4500 | ||
|---|---|---|---|
| 001 | 876 | ||
| 003 | BR-CuiBMT | ||
| 005 | 20231122030444.0 | ||
| 008 | 231108s2014 mgba 000 0 por d | ||
| 020 | _a9788538403647 | ||
| 040 |
_aBR-CuiBMT _cBR-CuiBMT |
||
| 080 |
_22007 _a351.712:502.131.1 |
||
| 090 |
_a351.712:502.131.1 _bB624l |
||
| 100 | 1 | _aBittencourt, Sidney | |
| 245 | 1 | 0 |
_aLicitações sustentáveis : _bo uso do poder de compra do estado fomentando o desenvolvimento nacional sustentável / _cSidney Bittencourt ; prefácio Leonardo Coelho Ribeiro. |
| 260 |
_aBelo Horizonte : _bDelRey, _c2014. |
||
| 300 |
_axvii, 197 p. : _bil. ; _c23 cm |
||
| 504 | _aInclui bibliografia e índice. | ||
| 650 |
_aLicitação sustentável _zBrasil |
||
| 650 |
_aContratações sustentáveis _zBrasil |
||
| 650 |
_aÉtica ambiental _zBrasil |
||
| 942 |
_2udc _cLV |
||
| 999 |
_c876 _d876 |
||